| 000 | 00643nam a22001697a 4500 | ||
|---|---|---|---|
| 999 |
_c15226 _d15226 |
||
| 003 | OSt | ||
| 082 | _2631.75807 SAR/OP | ||
| 088 | _aT 120 | ||
| 100 |
_aSARITHA E. K _92800 |
||
| 245 | _aOptimal water use and cropping pattern for Thrithala regulator - cum - bridge project | ||
| 260 |
_aTavanur 2001 _bKelappaji College of Agricultural Engineering and Technology |
||
| 300 | _a80 | ||
| 500 | _aOptimal water use and cropping pattern for Thrithala regulator - cum - bridge project | ||
| 520 | _aOptimal water use and cropping pattern for Thrithala regulator - cum - bridge project | ||
| 700 |
_aEr. Sathian K. K (Guide) _92770 |
||
| 942 | _cTH | ||